Blithe Spirit /

Shranjeno v:
Bibliografske podrobnosti
Glavni avtor: Lean, David (realización)
Drugi avtorji: Lean, David (guión) (guión), Neame, Ronald (guión) (guión), Havelock-Allan, Anthony (guión) (guión), Neame, Ronald (fotógrafo) (fotógrafo), Rahvis (vestuario) (vestuario), Harris, Jack (montaje) (montaje), Addinsell, Richard (música) (música), Harrison, Rex (actuación) (actuación), Cummings, Constance (actuación) (actuación), Hammond, Kay (actuación) (actuación), Christie, Ian (texto del folleto) (texto del folleto), Rafferty, Terrence (texto del folleto) (texto del folleto), Nehme, Farran Smith (texto del folleto) (texto del folleto), O'Brien, Geoffrey (texto del folleto) (texto del folleto), Brownlow, Kevin (texto del folleto) (texto del folleto)
Format: Slide
Jezik:angleščina
Izdano: Londres, Inglaterra : Gran Bretaña : Two Cities ; Cineguild, 1945
Serija:(Criterion Collection ; 606)
(Criterion Collection ; 603/4)
Teme:
Oznake: Označite
Brez oznak, prvi označite!

MARC

LEADER 00000ngm^a2200000^a^4500
001 000406589
005 20251020000000.0
009 20260310121903.623
020 |a 978-1-60465-562-9 
020 |a 978-1-60465-559-9 
037 |a Acervo ITESO - Biblioteca 
041 |a ING 
082 |a 808. 8  |b CRI V. 606 
100 |a Lean, David  |e (realización) 
240 1 1 |a [David Lean Directs Noël Coward] 
240 1 4 |a [Un espíritu burlón] 
240 1 4 |a [Un espíritu burlón. Adaptaciones] 
240 1 4 |a [Un espectro travieso] 
240 1 5 |a [The South Bank Show] 
245 1 0 |a Blithe Spirit /  |c Realización de D. Lean. 
246 2 |a Título en México: Un espectro travieso [salas de cine] 
246 2 |a Título en México: El espíritu burlón [DVD] 
264 1 |a Londres, Inglaterra :  |b Two Cities ;  |a Gran Bretaña :  |b Cineguild,  |c 1945 
264 2 |a Nueva York, EUA :  |b Criterion Collection [distribución],  |c 2012, c2012 
300 |a 1 DVD región 4 (96 min.) :  |b color +  |c 1 folleto (43 p.) 
336 |a imagen móvil bidimensional  |b tdi  |2 rdacontenido 
337 |a video  |b v  |2 rdamedio 
338 |a videodisco  |b vd  |2 rdasoporte 
440 1 |a (Criterion Collection ;  |v 606) 
440 1 |a (Criterion Collection ;  |v 603/4) 
500 |a Basado en: Un espíritu burlón, de Noël Coward 
546 |a En inglés, con subtítulos opcionales: inglés 
649 |a XX 
650 |a Guionistas Ingleses 
650 |a Escritores Ingleses 
650 |a Productores (Medios de Comunicación) -  |z Inglaterra 
650 |a Fantasmas en el Cine 
650 |a Médiums en el Cine 
650 |a Cine Fantástico 
650 |a Comedias de Humor Negro 
650 |a Comedias Románticas 
650 |a Comedias Cinematográficas 
650 |a Cine Inglés -  |y 1940-1949 
650 |a Cine Inglés -  |y Siglo XX 
650 |a Cine Inglés -  |x Historia y Crítica 
650 |a Televisión -  |z Inglaterra -  |y 1990-1999 
650 |a Televisión -  |z Inglaterra -  |y Siglo XX 
650 |a Farsa Inglesa -  |x Adaptaciones para Cine 
650 |a Comedia Inglesa -  |x Adaptaciones para Cine 
650 |a Teatro Inglés -  |x Adaptaciones para Cine 
650 |a Literatura Inglesa -  |y Siglo XX -  |x Adaptaciones para Cine 
650 |a Literatura y Cine 
650 |a Matrimonio 
650 |a Relaciones Intergénero 
650 |a Relaciones de Pareja 
650 |a Fenómenos Parafísicos 
650 |a Espiritismo 
650 |a Lo Sobrenatural 
650 |a Coward, Noël 
740 0 |a When Noël Met David... /  |c Texto del folleto de I. Christie. 
740 0 |a Battle Stations /  |c Texto del folleto de T. Rafferty. 
740 0 |a Home Truths /  |c Texto del folleto de F.S. Nehme. 
740 0 |a Present Magic /  |c Texto del folleto de G. O'Brien. 
740 0 |a "Riskiest Thing I Ever Did" :  |b Notes on "Brief Encounter" /  |c Texto del folleto de K. Brownlow. 
700 |a Lean, David  |e (guión) 
700 |a Neame, Ronald  |e (guión) 
700 |a Havelock-Allan, Anthony  |e (guión) 
700 |a Neame, Ronald  |e (fotógrafo) 
700 |a Rahvis  |e (vestuario) 
700 |a Harris, Jack  |e (montaje) 
700 |a Addinsell, Richard  |e (música) 
700 |a Harrison, Rex  |e (actuación) 
700 |a Cummings, Constance  |e (actuación) 
700 |a Hammond, Kay  |e (actuación) 
700 |a Christie, Ian  |e (texto del folleto) 
700 |a Rafferty, Terrence  |e (texto del folleto) 
700 |a Nehme, Farran Smith  |e (texto del folleto) 
700 |a O'Brien, Geoffrey  |e (texto del folleto) 
700 |a Brownlow, Kevin  |e (texto del folleto) 
910 |a Fondo General 
920 |a Audiovisuales - DVDs 
940 |a Películas 
905 |a 308 
901 |a 0500300710  |b IT2  |c DVR  |i C155157  |u 20250521 
901 |a 0500300711  |b IT2  |c MIN  |u 20251020 
902 |a https://opac.biblio.iteso.mx/vufind/Record/000406589